1121 1036 1933 1165 1335 1206 1839 1318 1167 1877 1924 1628 1903 1813 1613 1703 1292 1227 1295 1242 1421 1404 1183 1209 1349 1210 1926 1594 1246 1108 1831 1594 1551 1347 1214 1476 1037 1895 1603 1571 1189 1224 1620 1943 1226 1726 1863 1179 1141 1260 1115 1991 1616 1373 1989 1171 1727 1292 1215 1212 1285 1497 1257 1562 1202 1753 1558 1471 1628 1394 1789 1794 1962 1861 1320 1617 1010 1753 1790 1665 1137 1310 1160 1870 1625 1403 1829 1930 1283 1966 1863 1208 1697 1139 1276 1479 1222 1109 1571 BCNSPRNW ULIB Ver.6.0+V

เปลี่ยนเป็นภาษาไทย

Change to English
 แสดงรายละเอียดบรรณานุกรม
  กลับหน้าหลัก

Brief Record : Get Marc (ISO 2709) : E-mail record : QR code < ปิดหน้าต่าง
LEADER : 00000nam 2200000uu 4500
001    13399125239
003     ULIB
008    161122s2558||||th 000 0 tha d
060 04 ^aWM203.5^bส181ก
100 0  ^aสถาบันสิรินธรเพื่อการฟื้นฟูสมรรถภาพทางการแพทย์แห่งชาติ
245 00 ^aการดูแลเด็กบกพร่องทางการเรียนรู้;^bคู่มือหลักสูตรอบรมจิตอาสา อาสาสมัครสำหรับดูแลคนพิการทางร่างกายและการเคลื่อนไหว /^cสถาบันสิรินธรเพื่อการฟื้นฟูสมรรถภาพทางการแพทย์แห่งชาติ กรมการแพทย์ กระทรวงสาธารณสุข
250    ^aพิมพ์ครั้งที่ 1
260    ^aนนทบุรี :^bบริษัทสหมิตรพริ้นติ้งแอนด์พับลิสชิ่ง จำกัด,^c2558
300    ^a43หน้า ;^c21 ซม.
650  4 ^aคู่มือ
650  4 ^aเด็ก^xบกพร่อง^yการเรียนรู้
710 2  ^aสถาบันสิรินธรเพื่อการฟื้นฟูสมรรถภาพทางการแพทย์แห่งชาติ^bกรมการแพทย์ กระทรวงสาธารณสุข
945    ^p0^l0^i001539
999 ^a ^aวรรณษา ชูชัยมงคล
รายการนี้ยังไม่มีแท็ก
คุณยังไม่ได้ล็อกอิน คุณสามารถมีกิจกรรมร่วมกับเว็บไซต์ได้ แต่ต้องล็อกอินก่อน ::
  ล็อกอิน

รายการสื่อสารสนเทศ

ลำดับที่ ประเภท เลขเรียก/บาร์โค้ด สถานที่ สถานะ
1. Book การพยาบาล
Book การพยาบาล
สถานะ=หนังสือเก่า
WM203.5 ส181ก ฉ.1 
  Barcode: 001539
ห้องสมุดวิทยาเขตสวรรค์ประชารักษ์
►ส่วนจัดเก็บหนังสือเก่า สปร
บนชั้น
  ขอยืม

รายการใกล้เคียง
    ผู้แต่ง [สถาบันสิรินธรเพื่อการฟื้นฟูสมรรถภาพทางการแพทย์แห่งชาติ]

    หัวเรื่อง [คู่มือ]

BibComment


ยังไม่เคยถูกคอมเมนท์

คอมเมนท์ทรัพยากรรายการนี้
  คอมเมนท์: การดูแลเด็กบกพร่..


 Copyright 2026. Bcnsprnw @Library